Cannor Countries Quiz - Statistics

General Stats
  • This quiz has been taken 19 times
  • The average score is 80 of 177
Answer Stats
Cannor % Correct
Wex
92%
Lorent
83%
Verne
83%
Beepeck
75%
Busilar
75%
Corvuria
75%
Count's League
75%
Damescrown
75%
Gawed
75%
Istralore
75%
Moonhaven
75%
Pearlsedge
75%
Reveria
75%
Silverforge
75%
Tellum
75%
Wesdam
75%
Adshaw
67%
Arannen
67%
Bayvic
67%
Blueheart
67%
Bluescale
67%
Brave Brothers
67%
Clouded Eye
67%
Corintar
67%
Eborthil
67%
Exwes
67%
Greenscale
67%
Magisterium
67%
Marrhold
67%
Redglades
67%
Redscale
67%
South Viswall
67%
Sugamber
67%
Uelaire
67%
Vertesk
67%
Anbenncost
58%
Appleton
58%
Arbaran
58%
Bladebreaker
58%
Bloodgorger
58%
Brambleskinner
58%
Deranne
58%
Dogeater
58%
Estallen
58%
Frozenmaw
58%
Gisden
58%
Ibevar
58%
Magdalaire
58%
Napesbay
58%
Nimscodd
58%
North Viswall
58%
Ourdia
58%
Pearview
58%
Portnamm
58%
Reachspier
58%
Rubenaire
58%
Rubyhold
58%
Ryalan Temple
58%
Salla Myna
58%
Sapchopper
58%
Telgeir
58%
Venail
58%
Westmoors
58%
Aranmas
50%
Asheniande
50%
Bellacaire
50%
Blackmoon
50%
Broken Jaw
50%
Cedevik
50%
Celliande
50%
Cestirande
50%
Damish Temple
50%
Derwing
50%
Frostwall
50%
Gallant Friends
50%
Grasshopper Muncher
50%
Heartgrinder
50%
Leslinpar
50%
Minaran Temple
50%
Orda Aldresia
50%
Salla Elyn
50%
Silentblade
50%
Spiked Log
50%
Themarenn
50%
Tretun
50%
Wineport
50%
Woodwell
50%
Bonecarver
42%
Cobalt Company
42%
Cursed Howl
42%
Envermarck
42%
Esald
42%
Esmaraine
42%
Flung Head
42%
Galeinn
42%
Giberd
42%
Menibor
42%
New Wanderers
42%
Revrhavn
42%
Saloren
42%
Seinathil
42%
Serpentgard
42%
Silent Repose
42%
Silvertusk
42%
Small Fellows
42%
Sorncost
42%
Bennon
33%
Bisan
33%
Celmador
33%
Deadfang
33%
Doombringer
33%
Everwharf
33%
Groundhawk
33%
Headwearer
33%
House of Riches
33%
Konwell
33%
Kyliande
33%
Landshark
33%
Neckcliffe
33%
Obrtrol
33%
Order of the Ashen Rose
33%
Order of the Iron Sceptre
33%
Oubbligschild
33%
Pioneer's Guild
33%
Raven Banner
33%
Rivsby
33%
Rotcleaver
33%
Salla Cenag
33%
Severed Ear
33%
Skaldskola
33%
Southroy
33%
Stalwart Band
33%
Sword Covenant
33%
Terr
33%
Vaengheim
33%
Venomtooth
33%
Verminhusk
33%
Xanzerbexis
33%
Aramari Temple
25%
Avnkaup
25%
Beasteater
25%
Bjarnik
25%
Brinkmarches
25%
Company of the Thorn
25%
Crothan
25%
Dinesck
25%
Earworm
25%
Eilisin
25%
Eskerborg
25%
Flying Hound
25%
Gabmorionn
25%
Great Ording
25%
Iron Hammers
25%
Lasean
25%
Petalmasher
25%
Sidaett
25%
Silvelar
25%
Toarnen
25%
Urviksten
25%
Varaine
25%
Blightseed
17%
Digoveda
17%
Indlebury
17%
Madelaire
17%
Redgarhavn
17%
Salla Ayeth
17%
Salla Drennen
17%
Salla Faelgarn
17%
Sons of Dameria
17%
Alencay
8%
Anbenncost Expedition
8%
Coldmarket
8%
Deamoine
8%
Ionnidar
8%
Toarnaire
8%
Warriors of Ancard
8%
Naungsvol
0%
No matching quizzes found
Score Distribution
Percent of People with Each Score
Percentile by Number Answered
Your Score History
You have not taken this quiz